| 000 | 00469cam a22001217a 4500 | ||
|---|---|---|---|
| 008 | 180718b1973 xxu||||| |||| 00| 0 eng d | ||
| 082 | _aT6x73 Un3 | ||
| 100 | _aGovernmental Efficiency Committee | ||
| 245 |
_aReport of governmental efficiency committee on state -leased land _cby Governmental Efficiency Committee, Department of Military Affairs |
||
| 260 |
_aChicago _bDepartment of Military Affairs _c1973 |
||
| 300 | _a141+p. | ||
| 700 | _aDepartment of Military Affairs | ||
| 999 |
_c498301 _d498301 |
||